000
00274nam a2200109Ia 4500
008
220204s9999 xx 000 0 und d
020
_a
9.77054E+12
082
_a
058 2013
_b
MAN
245
0
_a
Manorama yearbook 2013
260
_a
Malayala Manorama
_b
Kottayam
_c
2013
942
_c
BK
999
_c
43075
_d
43075